| 000 | 005260000a22001810004500 | ||
|---|---|---|---|
| 001 | 14701 | ||
| 020 | _a1-880338-30-0 | ||
| 041 | 0 | _aENG | |
| 082 | 0 | 4 | _aG 266.023 K481b |
| 100 | 1 | _aKilbourne, Edwin W. | |
| 245 | 1 | 0 | _aBridge across the century / Edwin W. Kilbourne |
| 260 | _aGreenwood : Oriental Missionary Society | ||
| 505 | 0 | 0 | _aVol. 1. Japan - Korea - China Vol. 2. Taiwan - Hong Kong |
| 942 | _cBK | ||
| 999 |
_c43548 _d43548 |
||
| 336 |
_atexto _btxt _2rdacontent |
||
| 337 |
_2rdamedia _asin mediación _bn |
||
| 338 |
_2rdacarrier _avolumen _bnc |
||